00908 a2200181 45000010006000000050017000060080041000230030015000640400040000790800035001192450042001542640044001963000032002405050242002720410008005141000093005227000111006156188120260407155911.0260407a1979 arg spa dAR-UNSa-BCEJYS aAR-UNSa-BCEJYSbspacAR-UNSa-BCEJYS a347.72xSociedades comerciales10aPrimer congreso de derecho societario 1aBuenos Aires :bEdiciones Depalmac1979 a2 v. (735 ; 924 p.)c23 cm. aVol. I: Comisión I: Agrupación de sociedades - Comisión II: Iter constitutivo y sociedades irregulares -- Vol. II: Comisión III: Asamblea de sociedades por acciones - Comisión IV: Control estatatal de sociedades por acciones -  aspa1 aCongreso de Derecho Societario (1º : 1977 ago. 17-20 : La Cumbre, Córdoba, Argentina)1 aUniversidad Nacional de Córdoba. Facultad de Derecho y Ciencias Sociales. Instituto de Derecho Comercial